000 00694nam a22002177a 4500
005 20140725111112.0
010 _aENG-110071
020 _a9789380607580
_c1295.00
035 _aEN-93604
037 _bDBAD/PUB
082 _a330.954
245 _aEssays in medieval Indian economic history /
_cedited with an introduction by Satish Chandra
250 _a2nd ed
260 _aDelhi
_bPrimus Books
_c2014
270 _aVirat Bhavan, Mukherjee Nagar Commercial Complex
_bDelhi
_e110009
300 _axix,302p.
_c24cm(Hb)
490 _aIndian History Congress monograph series
500 _aIncludes index
700 _aChandra, Satish
942 _2ddc
_cEN
_mESS
_h330.954
999 _c84492
_d84492